| 000 | 00732cam a22002174a 4500 | ||
|---|---|---|---|
| 001 | sa 65001258 | ||
| 003 | DLC | ||
| 005 | 20260227112108.0 | ||
| 008 | 910917s1960 ii d 000 0 maro | ||
| 010 | _asa 65001258 | ||
| 040 |
_aDLC _cDLC |
||
| 041 | 0 |
_amar _asan |
|
| 050 | 0 | 0 |
_aPK927.M2 _bG5 |
| 245 | 0 | 0 |
_aGīrvāṇalaghukośa : _bSaṃskr̥ta-Marāṭhī / _csaṃpādaka, Janārdana Vināyaka Oka. |
| 250 | _aSudhāruna vāḍhavilelī 3. āvrtti. | ||
| 260 |
_aJamaśedapura, Bihāra : _bDvārakābāī Oka tathā Sarasvatībāī Āpaṭe, _c[1960] |
||
| 300 |
_a37, 638, 20 p. _c25 cm. |
||
| 546 | _aIn Marathi. | ||
| 650 | 0 |
_aSanskrit language _vDictionaries _xMarathi. |
|
| 700 | 1 |
_aOka, Janārdana Vināyaka, _d1879-1918. |
|
| 999 |
_c61988 _d61988 |
||